| Поле | Название | Значение |
| |
Тип записи |
i |
| |
Библиографический уровень |
m |
| 001 |
Контрольный номер |
RU/IS/BASE/409077241 |
| 005 |
Дата корректировки |
20250217161554.7 |
| 010 |
Индекс ISBN |
__ |
| d |
Цена |
494-42 |
| 101 |
Язык документа |
1_ |
| a |
Язык текста |
fre |
| 200 |
Заглавие и сведения об ответственности |
1_ |
| a |
Заглавие |
Утешительная партия игры в петанк |
| e |
Сведения, относящиеся к заглавию |
[роман : аудиокнига] |
| f |
Первые сведения об ответственности |
Анна Гавальда ; [читает Надежда Пахмутова ; пер. Олега Воскобойникова, Марии Архангельской] |
| b |
Общее обозначение материала |
Звукозапись |
| 210 |
Выходные данные |
1_ |
| a |
Место издания |
М. |
| c |
Издательство |
Аудиокнига |
| d |
Дата издания |
2011 |
| 215 |
Физическое описание |
__ |
| a |
Объем |
2 электрон. опт. диска (Audio CD) (16 ч.) |
| 225 |
Серия |
2_ |
| a |
Серия |
Бестселлер |
| 300 |
Общие примечания |
__ |
| a |
Общие примечания |
AudioCD ; MP3 ; 128 kbps ; CD-плеер с поддержкой MP3 ; Pentium-233 ; Windows 9x-XP ; CD-ROM ; звуковая карта |
| a |
Общие примечания |
Говорящая кн. |
| 323 |
Примечание о главных создателях, исполнителях, участниках |
__ |
| a |
Примечание о главных создателях, исполнителях, участниках |
Пахмутова, Н. (читает) |
| 330 |
Аннотация |
__ |
| a |
Аннотация |
Шарль Баланда - преуспевающий архитектор сорока шести лет. Живет в Париже с любимой женщиной - красавицей Лоранс и ее дочерью Матильдой. Много работает, редко бывает дома, всего добился собственным трудом, спокойный, рассудительный, кирпичик за кирпичиком, выстраивает и обустраивает свою жизнь. В общем-то, все у него как положено, да и сюрпризов в таком возрасте ждать не приходится. Но однажды он получит письмо, которое застигнет его врасплох. Письмо из прошлого, о котором он и думать забыл, и как же далеко оно уведет его с проторенного пути… |
| 333 |
Примечание о целевом назначении |
__ |
| a |
Примечание о целевом назначении |
16+. Для детей старше 16 лет |
| 606 |
Тематические рубрики |
__ |
| a |
Основная рубрика |
Художественная литература |
| 606 |
Тематические рубрики |
__ |
| a |
Основная рубрика |
Литература Европы (произведения) |
| z |
Хронологическая подрубрика |
21 в. нач. |
| 610 |
Ключевые слова |
0_ |
| a |
Ключевые слова |
зарубежная литература; французская литература; романы; женские романы; женская проза; иностранная литература; тема любви; тема жизни; бестселлеры |
| 686 |
Индексы других классификаций |
__ |
| a |
Классификационный индекс |
84(4Фра)6-4я04; ст84(4Фра)-4я0 |
| 700 |
Автор |
_1 |
| a |
Фамилия |
Гавальда |
| b |
Имя |
А. |
| g |
Полное личное имя |
Анна |
| 4 |
Код отношения |
070 |
| 702 |
Вторичная интеллектуальная ответственность |
_1 |
| a |
Фамилия |
Воскобойников |
| b |
Имя |
О. |
| 4 |
Код отношения |
Переводчик |
| 4 |
Код отношения |
730 |
| 702 |
Вторичная интеллектуальная ответственность |
_1 |
| a |
Фамилия |
Архангельская |
| b |
Имя |
М. |
| 4 |
Код отношения |
Переводчик |
| 4 |
Код отношения |
730 |
| 801 |
Источник записи |
_0 |
| a |
Страна |
RU |
| b |
Организация |
Муниципальное бюджетное учреждение культуры "Централизованная библиотечная система" г. Сургут (Центральная городская библиотека им. А. С. Пушкина) |
| g |
Правила каталогизации |
КиК/Лукашук |
| 801 |
Источник записи |
_1 |
| a |
Страна |
RU |
| b |
Организация |
Муниципальное бюджетное учреждение культуры "Централизованная библиотечная система" г. Сургут (Центральная городская библиотека им. А. С. Пушкина) |
| g |
Правила каталогизации |
КиК/Лукашук |
| 852 |
Данные о местонахождении |
__ |
| j |
Шифр хранения |
84(4Фра)6-4я04 |
| i |
Авторский знак |
Г 12 |
| 901 |
Тип документа |
__ |
| t |
Тип документа |
0 |
| 903 |
Характеристики (МАРС) |
__ |
| a |
Дата передачи |
20121217 |
| 969 |
Тип издания |
__ |
| a |
Тип издания |
аудиокнига; издание для слепых |
| 990 |
Данные о заказе (DOS) |
__ |
| j |
Количество экземпляров (DOS) |
7 |
| h |
N записи в КСУ для Б/У (DOS) |
201301 |